| 000 | 01129 a2200217 4500 | ||
|---|---|---|---|
| 001 | 38653 | ||
| 005 | 20260407155648.0 | ||
| 008 | 260407a1965 arg spa d | ||
| 003 | AR-UNSa-BCEJYS | ||
| 040 |
_aAR-UNSa-BCEJYS _bspa _cAR-UNSa-BCEJYS |
||
| 080 |
_a658.8.012.12 _xInvestigación de mercados |
||
| 245 | 1 | 0 | _aInnovaciones en marketing |
| 264 | 1 |
_aNew York : _bMcGraw-Hill _c1965 |
|
| 300 |
_a267 p. _c22 cm. |
||
| 505 | _a1. El consumidor y el hombre de negocios - 2. El cambio y la estrategia en los negocios - 3. Los fallos de los directivos - 4. Los objetivos de una empresa y las tácticas de marketing a corto plazo - 6. Planeamiento imaginativo y de gran alcance para la supervivencia - 7. Planeamiento y preparación para el cambio - 8. El departameto de desarrollo del marketing - 9. Investigación comercial y responsabilidad directivas - 10. Deficiencias en la política del producto y en la publicidad - 11. El marketing centrípeto | ||
| 942 | _cBK | ||
| 590 | _aniveau_biblio:m niveau_hierar:0 | ||
| 100 | 1 | _aLevitt, Theodore | |
| 700 | 1 | _aFernández Arias, Alberto | |
| 700 | 1 | _aSerra Hamilton, Fernando | |
| 999 |
_c2913 _d2913 |
||